Subtropical convergence environments: the coast and sea in the Southwestern Atlantic

Guardat en:
Dades bibliogràfiques
Autors principals: Seeliger, Ulrich (Autor), Odebrecht, Clarisse (Autor), Castello, Jorge Pablo (Autor)
Format: Llibre
Idioma:anglès
Publicat: Berlín Springer 1997
Matèries:
Etiquetes: Afegir etiqueta
Sense etiquetes, Sigues el primer a etiquetar aquest registre!

MARC

LEADER 00000nam a2200000 a 4500
001 UCQ2703
003 CL-VaPUC
008 980724e19970000GW |||||||||||||||||eng|d
082 0 4 |a 577.7  |b SEE  |2 21 
100 0 |a Seeliger, Ulrich  |e author  |9 416744 
700 0 |a Odebrecht, Clarisse  |e author  |9 416745 
700 0 |a Castello, Jorge Pablo  |e author  |9 416746 
245 1 0 |a Subtropical convergence environments: the coast and sea in the Southwestern Atlantic 
300 |a 308 p 
942 |c BK 
945 |d 19980724 00:00:00  |a mvenant 
260 |a Berlín  |b Springer  |c 1997 
650 0 |a Ecología marina   |9 259946 
650 0 |a Biología marina  |9 259965 
650 7 |a ECOSISTEMA  |2 CL-VaPUC  |9 347937 
650 7 |a HIDROGRAFIA  |2 CL-VaPUC  |9 261115 
650 7 |a MICROALGAS  |2 CL-VaPUC  |9 350422 
650 0 |a Bacterias  |9 298237 
650 0 |a Plancton   |9 261727 
650 0 |a Geomorfología   |9 261377 
651 7 |a OCEANO ATLANTICO  |2 CL-VaPUC  |9 262204 
583 |a last modification  |c 19980724 00:00:00  |k Rodrigo Vera 
999 |c 273474  |d 273472 
952 |0 0  |1 0  |2 ddc  |4 0  |6 577_700000000000000_SEE_1997  |7 0  |8 CCM  |9 309056  |a BIBCUR  |b BIBCUR  |c PAC  |d 2019-11-20  |i 3447634  |o 577.7 SEE 1997  |p 3447634  |r 2025-04-22  |w 2019-11-20  |y BK  |k CIM